[Event "Mittelrhein Verbandsliga-W 17/18"]
[Site "Nordrheinwestfalen"]
[Date "2017.10.01"]
[Round "2.7"]
[White "Wagner, Matthias"]
[Black "Morschel, Steffen"]
[Result "1/2-1/2"]
[WhiteElo "1767"]
[BlackElo "1729"]
[PlyCount "71"]
[EventDate "2017.09.10"]
[EventType "team-tourn"]
[EventRounds "11"]
[EventCountry "GER"]
[SourceTitle "EXT 2022"]
[Source "ChessBase"]
[SourceDate "2021.10.06"]
[SourceVersion "1"]
[SourceVersionDate "2021.10.06"]
[SourceQuality "1"]
[WhiteTeam "Erftstadt SV"]
[BlackTeam "Horrem"]
[WhiteTeamCountry "GER"]
[BlackTeamCountry "GER"]

1. Nf3 Nf6 2. c4 e6 3. g3 d5 4. d4 Bb4+ 5. Nbd2 0-0 6. Bg2 b6 7. 0-0 Bb7 8. b3 Nbd7 9. Bb2 Rc8 10. Rc1 Bd6 11. Ne5 c5 12. cxd5 exd5 13. Ndc4 Bb8 14. Nxd7 Qxd7 15. dxc5 dxc4 16. Qxd7 Nxd7 17. Bxb7 Rc7 18. c6 Nc5 19. Ba3 cxb3 20. Bxc5 bxc5 21. axb3 Re8 22. Rfd1 Rce7 23. Rxc5 Bc7 24. e3 a5 25. Rd7 Kf8 26. Ba6 Rb8 27. Rcd5 Rbe8 28. Bc4 Rxd7 29. Rxd7 Re7 30. Rxe7 Kxe7 31. Bd5 f6 32. f4 Bb6 33. Kf2 Kd6 34. Be4 h6 35. Ke2 Kc5 36. g4 1/2-1/2

[Event "Regionalliga NO 9495"]
[Site "Bayern"]
[Date "1994.??.??"]
[Round "?.8"]
[White "Tiefenbach, Wilfried"]
[Black "Wagner, Matthias"]
[Result "1-0"]
[WhiteElo "2031"]
[BlackElo "1940"]
[PlyCount "137"]
[EventDate "1994.10.??"]
[EventType "team-tourn"]
[EventRounds "9"]
[EventCountry "GER"]
[SourceTitle "EXT 1999"]
[Source "ChessBase"]
[SourceDate "1998.11.16"]
[SourceVersion "1"]
[SourceVersionDate "1998.11.16"]
[SourceQuality "1"]
[WhiteTeam "Regensburg Fortuna II"]
[BlackTeam "Lauf"]
[WhiteTeamCountry "GER"]
[BlackTeamCountry "GER"]

1. c4 Nf6 2. g3 g6 3. Bg2 Bg7 4. Nc3 c5 5. e4 Nc6 6. Nge2 d6 7. 0-0 0-0 8. d3 a6 9. h3 Rb8 10. Be3 b5 11. b3 b4 12. Nd5 a5 13. Rc1 e5 14. Qd2 Nxd5 15. cxd5 Nd4 16. Bxd4 exd4 17. f4 Qe7 18. Kh2 Ba6 19. Ng1 f5 20. Rfe1 Qc7 21. Nf3 Rbe8 22. e5 dxe5 23. fxe5 Bxe5 24. Nxe5 Rxe5 25. Rxe5 Qxe5 26. Re1 Qc7 27. Qg5 f4 28. Re7 fxg3+ 29. Kg1 Qf4 30. Qxf4 Rxf4 31. d6 Rf8 32. Bd5+ Kh8 33. Bc6 Bc8 34. Kg2 Rd8 35. d7 Bxd7 36. Bxd7 Kg8 37. Be6+ Kh8 38. Kxg3 Rf8 39. Kg4 h6 40. Bf7 Kg7 41. Bc4+ Kf6 42. Rc7 h5+ 43. Kg3 g5 44. Rc6+ Kf5 45. Rxc5+ Kg6 46. Rc6+ Kf5 47. Rd6 Re8 48. Rd5+ Kf6 49. Rxd4 Re3+ 50. Kg2 Re2+ 51. Kf3 Rxa2 52. h4 gxh4 53. Rxh4 Kg5 54. Rh1 a4 55. bxa4 Rxa4 56. Rg1+ Kf5 57. Rb1 Kg5 58. Bb5 Ra7 59. Rxb4 Rb7 60. d4 Rf7+ 61. Kg2 Rf4 62. Be2 h4 63. Rb5+ Kf6 64. d5 Ke5 65. Bf3 Rd4 66. Rb8 Rf4 67. Re8+ Kd6 68. Re4 h3+ 69. Kg3 1-0